000 01562nam a2200445 i 4500
001 38233
003 KOSZ 005
005 20221006085929.0
008 980529s1998 pl |000 0 pol
015 _aUWD 1998/6016
020 _a8386850892
035 _a991003615489705066
035 _a(PL-WaBN)b10967928-48omnis_nlop
035 _ab10967928
035 _a(OCoLC)749259529
035 _a(PL)b0000001096792
035 _a(EXLNZ-48OMNIS_NETWORK)9910200512305606
040 _aWA N
_cWA N
_dKR U
046 _k1998
080 _a346(4-67)
080 _a(075.8)
100 1 _aLasok, Dominik
_d(1921-2000)
_eAutor
245 1 0 _aZarys prawa Unii Europejskiej.
_nCz. 2,
_pPrawo gospodarcze /
_cDominik Lasok.
260 _aToruń :
_bTowarzystwo Naukowe Organizacji i Kierownictwa "Dom Organizatora",
_c1998.
300 _a350, [1] s. ;
_c23 cm.
336 _aTekst
_btxt
_2rdacontent
337 _aBez urządzenia pośredniczącego
_bn
_2rdamedia
338 _aWolumin
_bnc
_2rdacarrier
380 _aKsiążki
388 _a1901-2000
388 _a1989-2000
650 7 _aPrawo gospodarcze międzynarodowe
_2DBN
650 7 _aPrawo Unii Europejskiej
_2DBN
655 7 _aPodręczniki akademickie
_2DBN
658 _aPrawo i wymiar sprawiedliwości
710 2 _aDom Organizatora w Toruniu (Towarzystwo Naukowe Organizacji i Kierownictwa)
_4pbl
856 _uhttp://koha.tu.koszalin.pl/cgi-bin/koha/opac-detail.pl?biblionumber=38233
_yKatalog online BPK
942 _2UKD
_cKS
999 _c38233
_d38233